| 000 | 01249nam a22003254a 4500 | ||
|---|---|---|---|
| 001 | ebr10174079 | ||
| 003 | CaPaEBR | ||
| 006 | m u | ||
| 007 | cr cn||||||||| | ||
| 008 | 050715s2005 njua sb 001 0 eng | ||
| 010 | _z 2005051845 | ||
| 016 | 7 |
_z101264928 _2DNLM |
|
| 020 | _z981256506X | ||
| 040 |
_aCaPaEBR _cCaPaEBR |
||
| 035 | _a(OCoLC)243614329 | ||
| 050 | 1 | 4 |
_aQP364.5 _b.B57 2005eb |
| 082 | 0 | 4 |
_a612.8/1 _222 |
| 245 | 0 | 0 |
_aBursting _h[electronic resource] : _bthe genesis of rhythm in the nervous system / _ceditors, Stephen Coombes, Paul C. Bressloff. |
| 260 |
_aHackensack, NJ : _bWorld Scientific Pub., _cc2005. |
||
| 300 |
_axvi, 401 p. : _bill. |
||
| 504 | _aIncludes bibliographical references and index. | ||
| 533 |
_aElectronic reproduction. _bPalo Alto, Calif. : _cebrary, _d2013. _nAvailable via World Wide Web. _nAccess may be limited to ebrary affiliated libraries. |
||
| 650 | 0 | _aNeural transmission. | |
| 650 | 0 | _aSensory neurons. | |
| 655 | 7 |
_aElectronic books. _2local |
|
| 700 | 1 | _aCoombes, Stephen. | |
| 700 | 1 | _aBressloff, Paul C. | |
| 710 | 2 | _aebrary, Inc. | |
| 856 | 4 | 0 |
_uhttp://site.ebrary.com/lib/rucke/Doc?id=10174079 _zAn electronic book accessible through the World Wide Web; click to view |
| 999 |
_c138311 _d138311 |
||